Deutsche Podcasts - Statistiken

Allgemein
  • Dieses Quiz wurde 34 mal gespielt
  • Das Durchschnittsergebnis liegt bei 9 aus 26
Antwortstatistiken
Bildquiz Antwort % Korrekt
Gemischtes Hack
82%
Dick & Doof
79%
Fest & Flauschig
64%
Lanz & Precht
61%
Kaulitz Hills
54%
Baywatch Berlin
50%
Hobbylos
46%
Mord auf Ex
46%
Die Nervigen
43%
Hotel Matze
39%
Mordlust
39%
Edeltalk
32%
Zeit Verbrechen
32%
Simplicissimus
25%
Wissen Weekly
25%
Kurt Krömer - Feelings
21%
G Spot
18%
Tagesschau in 100 Sekunden
18%
Hörerlebnis
14%
Sunset Club
14%
Verbrechen von nebenan
14%
Alpha Females
11%
Plot House
7%
Was bisher geschah
7%
Ziemlich beste Fremde
7%
Zum Scheitern verurteilt
4%
Keine übereinstimmenden Quizze gefunden
Verteilung der Resultate
Anzahl Personen mit jedem Resultat
Perzentil nach korrekt beantworteten Fragen
Ihre Resultats-Entwicklung
Sie haben dieses Quiz noch nicht gespielt